000 01464nam a22003857a 4500
003 CHAP
005 20220329143830.0
008 111103s2011 mx r 00010 spa d
010 _a102491
011 _a103463
035 _a114152
040 _cCHAP
090 _aTesis
100 1 _aLópez Osorio, Daniel.
_968194
245 1 0 _aRespuesta en chile manzano a la absorción de silicio en un sistema hidroponico
_h[En línea]
_c/por Daniel López Osorio
260 _aChapingo, Méx. :
_bEl autor,
_c2011
500 _aPara ver el contenido del material haga clic en la liga
502 _aTesis (Ing. Agr. Esp. en Fitotecnia) -- UACH. Departamento de Fitotecnia
590 _aALEPH
_b10
_c20130110
_lUCH01
_h1543
590 _aBATCH-UPD
_b10
_c20130110
_lUCH01
_h0917
590 _aBATCH-UPD
_b10
_c20130410
_lUCH01
_h0540
590 _aBATCH-UPD
_b10
_c20130913
_lUCH01
_h1846
590 _aBATCH-UPD
_b10
_c20140324
_lUCH01
_h1528
590 _aBATCH-UPD
_b10
_c20141002
_lUCH01
_h0851
590 _aCONVERSION
_b10
_c20130109
_lUCH01
_h1356
650 1 4 _aAbscisión (Botánica)
_9332
650 1 4 _aChile manzano.
_922444
650 1 4 _aHidroponía.
_955280
650 1 4 _aSilicio.
_9105941
856 _3Finding aid
_uhttp://10.13.5.2/tesis/114152.pdf
_zTeclea aqui
901 _aBK
942 _cFOLL
949 _aTesis
_bBC
_cTES
_d33724002310264
_eTS1
_gDonaciØn
_h52963
_i114152
_st
949 _aTesis
_bBC
_cTES
_d33724002310306
_eTS2
_fc.2
_gDonaciØn
_h52964
_i114152
_st
999 _c102491
_d102491